Представление документа в формате RUSMARC

ПолеНазваниеЗначение
  Тип записи a
  Библиографический уровень a
001 Контрольный номер RU/CBS_Ul/BASE/507639447
005 Дата корректировки 20240209175155.8
100 Данные общей обработки __
a Данные общей обработки 20160201d2016 ||| 0rusy0189 ca
101 Язык документа 0_
a Язык текста rus
102 Страна публикации __
a Страна публикации RU
105 Кодированные данные (монография) __
a Кодированные данные (монография) y###||||000|y
200 Заглавие и сведения об ответственности 1_
a Заглавие К шапочному сезону
b Общее обозначение материала Текст
e Сведения, относящиеся к заглавию [о видах причесок в зимний период]
300 Общие примечания __
a Общие примечания Ограничения по возрасту - 12+
461 Уровень набора _0
1 2000
a Маруся
463 Уровень физической единицы _0
1 001RU/CBS_Ul/BASE/507560275
1 2000
a № 1
v С. 15
1 210
d 2016
606 Тематические рубрики 0_
a Основная рубрика Прически - Модели
610 Ключевые слова 0_
a Ключевые слова прически
a Ключевые слова виды причесок
a Ключевые слова зимние прически
a Ключевые слова уход за волосами
686 Индексы других классификаций __
a Классификационный индекс 51.204.1
2 Код системы ББК
801 Источник записи _0
a Страна RU
b Организация МБУК ЦБС г. Ульяновска
c Дата составления 20160201
g Правила каталогизации RCR
801 Источник записи _1
a Страна RU
b Организация МБУК ЦБС г. Ульяновска
c Дата составления 20160201
g Правила каталогизации RCR
901 Тип документа __
t Тип документа b
w Контрольный № источника RU/CBS_Ul/BASE/507560275
910 Корректоры записи __
a Корректор записи Библиотека 27
938 Служебная информация __
a Имя БД period